Light (Record no. 15810)

000 -LEADER
fixed length control field 00520nam a22002051 4500
001 - CONTROL NUMBER
control field 15810
003 - CONTROL NUMBER IDENTIFIER
control field BD-DhUET
008 - FIXED-LENGTH DATA ELEMENTS--GENERAL INFORMATION
fixed length control field 921020s1963 enk 000 0 eng d
040 ## - CATALOGING SOURCE
Original cataloging agency DLC
Transcribing agency DLC
Modifying agency BD-DhUET
082 ## - DEWEY DECIMAL CLASSIFICATION NUMBER
Classification number 535
Item number DIT/1963
100 1# - MAIN ENTRY--PERSONAL NAME
Personal name Ditchburn, R. W.
245 10 - TITLE STATEMENT
Title Light
250 ## - EDITION STATEMENT
Edition statement 2nd ed.
260 ## - PUBLICATION, DISTRIBUTION, ETC. (IMPRINT)
Place of publication, distribution, etc. London
Name of publisher, distributor, etc. Blackie & Son
Date of publication, distribution, etc. 1963
300 ## - PHYSICAL DESCRIPTION
Extent xii, 833 p.
Other physical details ill.
490 ## - SERIES STATEMENT
Series statement Titles in the E. L. B. S. Low-Priced textbook series
504 ## - BIBLIOGRAPHY, ETC. NOTE
Bibliography, etc Includes bibliographies
650 #0 - SUBJECT ADDED ENTRY--TOPICAL TERM
Topical term or geographic name as entry element Light
942 ## - ADDED ENTRY ELEMENTS (KOHA)
Koha item type General Book
Holdings
Sublocation or collection (holding branch) Price effective from Location (home branch) Shelving location Lost status Koha item type Koha normalized classification for sorting Source of classification or shelving scheme Damaged status Copy number Koha date last seen Date acquired Piece designation (barcode) Withdrawn status Koha full call number Not for loan
Central Library, BUET2015-03-15Central Library, BUETCirculation section General Book535_000000000000000_DIT_1963  12015-03-152015-03-1513453 535/DIT/1963 
Central Library, BUET2015-03-19Central Library, BUETCirculation section General Book535_000000000000000_DIT_1963  22015-03-192015-03-1913450 535/DIT/1963 
Central Library, BUET2015-03-19Central Library, BUETCirculation section General Book535_000000000000000_DIT_1963  32015-03-192015-03-1920826 535/DIT/1963 
Central Library, BUET2015-03-21Central Library, BUETCirculation section General Book535_000000000000000_DIT_1963  42015-03-212015-03-2116978 535/DIT/1963 
Central Library, BUET2015-03-21Central Library, BUETCirculation section General Book535_000000000000000_DIT_1963  52015-03-212015-03-2113451 535/DIT/1963 
Central Library, BUET2015-03-21Central Library, BUETCirculation section General Book535_000000000000000_DIT_1963  62015-03-212015-03-2120825 535/DIT/1963 
Central Library, BUET2015-03-21Central Library, BUETCirculation section General Book535_000000000000000_DIT_1963  72015-03-212015-03-215241 535/DIT/1963 
Central Library, BUET2015-03-21Central Library, BUETCirculation section General Book535_000000000000000_DIT_1963  82015-03-212015-03-2113452 535/DIT/1963